000 01503nam a2200337 4500
003 EG-GICUC
005 20260414130857.0
008 260414s2001 ua ||||fr|||| 00| 0 ara d
017 _a2001/8720
020 _a977-04-3403-5
040 _a EG-GICUC
_bara
_c EG-GICUC
_d EG-GICUC
_erda
041 0 _aara
082 0 4 _221
_a341.81
_bح س . إ
092 0 4 _221
099 _aLaw1 11 341.81 ح س . إ 2001
100 0 _aحسام الدين فتحي ناصف
_eAuthor.
245 1 0 _aإزدواج الجنسية وحق الترشيح لعضوية مجلس الشعب :
_bدراسة فى ضوء نصوص الدستور المصرى 1971، ونصوص قانون الجنسية المصرية رقم 26 لسنة 1975 والإتفاقيات الدولية وأحكام المحكمة الإدارية العليا /
_cحسام الدين فتحي ناصف.
264 1 _aالقاهرة :
_bدار النهضة العربية،
_c2001.
300 _a168 ؛ صفحة
_c24 سم
_bإيضاحيات، صور، مثيليات ؛
336 _2rda content
_atext
337 _2rda media
_aComputer
338 _2rda carrier
_aOnline Resource
504 _a. 240-220 ببليوجرافيا: صفحات.
546 _aالنص باللغة العربية
650 1 4 _aالقانون الدولى الخاص
_2qrmak
650 1 4 _aالجنسية (قانون دولي)
_2qrmak
651 1 _2qrmak
856 4 0 _uhttps://fll.law.cu.edu.eg/fulltext/bks/B12-02989.pdf
905 _a30
942 _2ddc
_cBK
_e21
_n0
999 _c70901
_d70901